00716nam a2200181 a 450000100100000000500170001000800410002702000150006804000250008310000250010824000470013324500950018026000370027530000310031250000630034395201110040699900170051700003983220201002033747.0130724s1987 ag c 000 0 spa d a9509097721 aDO-SdBNPbspacBNPHU1 aEgerton, John96602110aGenerations- an american familylEspañol10aArbol genealógico :buna familia america a través de las generaciones /cJohn Egerton. aBuenos Aires :bFraterna,c1987. a425 p. :bretrs. ;c21 cm. aIncluye datos biográficos del autor en la contracubierta 001054708MOaGRbGRcCTd2013-07-24iLF1l0o p39832-10r2020-06-25w2020-06-25y4ZPréstamo en sala c39322d39322